000 00844nam a2200241Ia 4500
003 OSt
005 20220923220958.0
006 a|||||r|||| 00| 0
007 ta
008 220922b |||||||| |||| 00| 0 hin d
024 _a193,202
037 _cTextual
040 _aARTS
_cARTS
_bhin
041 _2hin
_ahin
082 _aV2:2.N7, 152L2
100 _aकश्यप, सुभाष, संपा.
_9156274
245 0 _aभारत का संविघान नई चुनौतियॉ
_b नए उत्तर
246 _aBhārat kā sanvighān naī chunautiyaॉ: nae uttara
260 _aदिल्ली
_b रिसर्च पब्लि0
_c1972
300 _a145पृ.
_ccm.
942 _hV2:2.N7, 152L2
_cTEXL
_2CC
999 _c345693
_d345693